<?xml version="1.0" encoding="UTF-8"?>
<record
    xmlns:xsi="http://www.w3.org/2001/XMLSchema-instance"
    xsi:schemaLocation="http://www.loc.gov/MARC21/slim http://www.loc.gov/standards/marcxml/schema/MARC21slim.xsd"
    xmlns="http://www.loc.gov/MARC21/slim">

  <leader>00772nam a2200193 i 4500</leader>
  <controlfield tag="001">140703</controlfield>
  <controlfield tag="003">ES-MaACL</controlfield>
  <controlfield tag="005">20230906200132.0</controlfield>
  <controlfield tag="007">t|</controlfield>
  <controlfield tag="008">070914s1932    sz           |||| | spa d</controlfield>
  <datafield tag="100" ind1="1" ind2=" ">
    <subfield code="a">Koo, V. K. Wellington.</subfield>
    <subfield code="9">68572</subfield>
  </datafield>
  <datafield tag="245" ind1="1" ind2="3">
    <subfield code="a">La opini&#xF3;n del Gobierno chino sobre el Informe de la Comisi&#xF3;n de Encuesta de la Sociedad de las Naciones por Su Excelencia el Dr. V.K. Wellington Koo / </subfield>
    <subfield code="c">publicado por la Delegaci&#xF3;n China cerca de la Sociedad de las Naciones.</subfield>
  </datafield>
  <datafield tag="260" ind1=" " ind2=" ">
    <subfield code="a">Ginebra : </subfield>
    <subfield code="b">[s.n.], </subfield>
    <subfield code="c">1932.</subfield>
  </datafield>
  <datafield tag="300" ind1=" " ind2=" ">
    <subfield code="a">49 p. ; </subfield>
    <subfield code="c">22 cm.</subfield>
  </datafield>
  <datafield tag="650" ind1=" " ind2=" ">
    <subfield code="a">Japoneses-</subfield>
    <subfield code="z">Manchuria.</subfield>
    <subfield code="9">153661</subfield>
  </datafield>
  <datafield tag="651" ind1=" " ind2=" ">
    <subfield code="a">Manchuria (China, Regi&#xF3;n)-</subfield>
    <subfield code="x">Historia-</subfield>
    <subfield code="y">1931-1945.</subfield>
    <subfield code="9">173005</subfield>
  </datafield>
  <datafield tag="651" ind1=" " ind2="4">
    <subfield code="a">China-</subfield>
    <subfield code="x">Pol&#xED;tica exterior.</subfield>
    <subfield code="9">153660</subfield>
  </datafield>
  <datafield tag="852" ind1=" " ind2=" ">
    <subfield code="a">ES-MaACL</subfield>
    <subfield code="j">1777-F-20</subfield>
  </datafield>
  <datafield tag="999" ind1=" " ind2=" ">
    <subfield code="c">140703</subfield>
    <subfield code="d">140703</subfield>
  </datafield>
  <datafield tag="952" ind1=" " ind2=" ">
    <subfield code="0">0</subfield>
    <subfield code="1">0</subfield>
    <subfield code="4">0</subfield>
    <subfield code="7">0</subfield>
    <subfield code="8">Colecci&#xF3;n_de_folletos</subfield>
    <subfield code="a">ATENEOM</subfield>
    <subfield code="b">ATENEOM</subfield>
    <subfield code="c">DEPOF</subfield>
    <subfield code="d">2008-01-17</subfield>
    <subfield code="e">SC</subfield>
    <subfield code="l">0</subfield>
    <subfield code="o">1777-F-20</subfield>
    <subfield code="p">1146417</subfield>
    <subfield code="r">2023-02-23 00:00:00</subfield>
    <subfield code="w">2023-02-23</subfield>
    <subfield code="y">FOLLETOS</subfield>
  </datafield>
</record>
